Trebišov v hľadáčiku energetikov
Energetika na Slovensku začína veľkosťou nových investícií konkurovať automobilovému priemyslu. Potvrdenie dostavby Mochoviec. Projekt výstavby jednej z najväčších elektrární na Slovensku v Trebišove. Za projektom stojí lokálna firma - akciová spoločnosť Československá energetická spoločnosť (ČES) z...
Salvato in:
| Autore principale: | |
|---|---|
| Natura: | Capitolo di libro |
| Lingua: | slovacco |
| Soggetti: | |
| Tags: |
Nessun Tag, puoi essere il primo ad aggiungerne!!
|
MARC
| LEADER | 00000naa$a2200000$$$4500 | ||
|---|---|---|---|
| 001 | 0055224 | ||
| 005 | 20231009073146.7 | ||
| 041 | 0 | |a slo | |
| 044 | |a SK | ||
| 245 | 1 | 0 | |a Trebišov v hľadáčiku energetikov |c Peter Marčan |
| 520 | |a Energetika na Slovensku začína veľkosťou nových investícií konkurovať automobilovému priemyslu. Potvrdenie dostavby Mochoviec. Projekt výstavby jednej z najväčších elektrární na Slovensku v Trebišove. Za projektom stojí lokálna firma - akciová spoločnosť Československá energetická spoločnosť (ČES) zo Sečoviec. Počíta sa aj so vstupom silných nadnárodných partnerov. Ekonomika projektu. | ||
| 610 | 2 | 0 | |a energetika |
| 610 | 2 | 0 | |a elektrárne |
| 610 | 2 | 0 | |a investície |
| 610 | 2 | 0 | |a projekty |
| 610 | 2 | 0 | |a Slovensko |
| 100 | 1 | |a Marčan, Peter | |